Tous les tomes de Max et Lili - Statistiques

Statistiques générales
  • Ce quiz a été pris 5 fois
  • Le résultat moyen est 22 sur 135
Statistiques - réponses
Tomes de Max et Lili % Correct
Lili ne veut pas se coucher
80%
Grand-père est mort
40%
Le cousin de Max et Lili se drogue
40%
Lili reprend confiance en elle
40%
Max est timide
40%
Max et Lili découvrent l'empathie
40%
Max et Lili ont des pouvoirs magiques
40%
Max n'aime pas lire
40%
Max se trouve nul
40%
Alex est handicapé
20%
Emilie a déménagé
20%
Jérémy est maltraité
20%
La copine de Lili est en famille d'accueil
20%
La copine de Lili n'a pas de papa
20%
Le chien de Max et Lili est mort
20%
Le père de Max et Lili est au chômage
20%
Les parents de Max et Lili se disputent
20%
Les parents de Max et Lili sont accros au portable
20%
Les parents de Zoe divorcent
20%
Le tonton de Max et Lili est en prison
20%
Lili a été suivie
20%
Lili a peur de la mort
20%
Lili a trop honte
20%
Lili a un chagrin d'amour
20%
Lili découvre sa mamie
20%
Lili est amoureuse
20%
Lili est désordre
20%
Lili est fâchée avec sa copine
20%
Lili est malpolie
20%
Lili fait des cauchemars
20%
Lili invite une copine en vacances
20%
Lili n'aime que les frites
20%
Lili ne veut plus aller à la piscine
20%
Lili regarde trop la télé
20%
Lili se fait toujours gronder
20%
Lili se trouve moche
20%
Lili trouve sa maîtresse méchante
20%
Lili va chez la psy
20%
Lili veut choisir ses habits
20%
Lili veut de l'argent de poche
20%
Lili veut être une star
20%
Lili veut faire une boum
20%
Lili veut jouer au foot
20%
Lili veut protéger la nature
20%
Lili veut un petit chat
20%
Lucien n'a pas de copains
20%
Max adore jouer
20%
Max a la passion du foot
20%
Max a triché
20%
Max boude
20%
Max croit n'importe quoi
20%
Max embête les filles
20%
Max en a marre de sa soeur
20%
Max est casse-cou
20%
Max est dans la lune
20%
Max est fou de jeux vidéo
20%
Max est jaloux
20%
Max est maladroit
20%
Max est racketté
20%
Max et Koffi sont copains
20%
Max et Lili aiment trop rire
20%
Max et Lili cherchent leur métier
20%
Max et Lili décident de mieux manger
20%
Max et Lili en ont marre de se dépêcher
20%
Max et Lili fêtent Noel en famille
20%
Max et Lili font du camping
20%
Max et Lili font les baby-sitters
20%
Max et Lili ne font pas leurs devoirs
20%
Max et Lili ont des copains réfugiés
20%
Max et Lili ont du mal à se concentrer
20%
Max et Lili ont peur
20%
Max et Lili ont peur de parler en public
20%
Max et Lili ont peur des images violentes
20%
Max et Lili ont peur du noir
20%
Max et Lili se mettent au hip-hop
20%
Max et Lili se posent des questions sur dieu
20%
Max et Lili se sont perdus
20%
Max et Lili sont fans de marques
20%
Max et Lili sont malades
20%
Max et Lili trouvent leur cousin angoissé
20%
Max et Lili veulent des câlins
20%
Max et Lili veulent être populaires
20%
Max et Lili veulent rester en vacances
20%
Max et Lili veulent se débrouiller seuls
20%
Max et Lili veulent tout savoir sur les bébés
20%
Max et Lili vont chez Papy et Mamie
20%
Max fait pipi au lit
20%
Max n'aime pas l'école
20%
Max n'aime pas perdre
20%
Max ne pense qu'au zizi
20%
Max ne veut pas se laver
20%
Max part en classe verte
20%
Max raconte des bobards
20%
Max se bagarre
20%
Max se sent seul
20%
Max se trouve trop petit
20%
Max va à la pêche avec son père
20%
Max va à l'hôpital
20%
Max veut être délégué de classe
20%
Max veut se faire des amis
20%
Nina a été adoptée
20%
Emilie n'aime pas quand a mère boit trop
0%
La copine de Lili a une maladie grave
0%
La maison de Max et Lili a été cambriolée
0%
Lili a la passion du cheval
0%
Lili a peur des contrôles
0%
Lili est harcelée à l'école
0%
Lili est stressée par la rentrée
0%
Lili fait sa commandante
0%
Lili ne veut plus se montrer toute nue
0%
Lili part en camp de vacances
0%
Lili rêve d'être une femme
0%
Lili se dispute aevc son frère
0%
Lili se fait piéger sur internet
0%
Lili veut aider sa copine à réconcilier ses parents
0%
Lili veut un téléphone portable
0%
Marlène grignote tout le temps
0%
Max a a une amoureuse
0%
Max aime les monstres
0%
Max décide de faire des efforts
0%
Max et Lili aident les enfants du monde
0%
Max et Lili disent que c'est pas de leur faute
0%
Max et Lili ont volé des bonbons
0%
Max et Lili se demandent s'ils sont intelligents
0%
Max et Lili veulent éduquer leurs parents
0%
Max et Lili veulent être gentils
0%
Max et Lili veulent soigner tout le monde
0%
Max et Lili veulent tout tout de suite
0%
Max n'en fait qu'à sa tête
0%
Max ne respecte rien
0%
Max se fait insulter à la récré
0%
Max trouve que c'est pas juste
0%
Max veut sauver les animaux
0%
Simon a deux maisons
0%
Simon va avoir une demi-soeur
0%
Aucun quiz correspondant
Distribution des résultats
% des personnes avec chaque résultat
Percentile par nombre de réponses
Votre historique - résultats
Vous n’avez pas pris ce quiz